Statistics for Countries neighboring Countries bordering China

Click here to take the quiz!

General Stats

  • This quiz has been taken 43 times
    (34 since last reset)
  • The average score is 16 of 17

Answer Stats

Country% Correct
Cambodia
97%
Finland
97%
Thailand
97%
Azerbaijan
93%
Lithuania
93%
Ukraine
93%
Turkmenistan
93%
South Korea
93%
Uzbekistan
93%
Belarus
93%
Bangladesh
90%
Georgia
90%
Estonia
90%
Latvia
90%
Iran
86%
Norway
83%
Poland
83%

Score Distribution

Percentile by Number Answered

Percent of People with Each Score

Your Score History

You have not taken this quiz since the last reset